000 00743nam a2200241Ia 4500
003 IN-BaIIA
008 211028s9999 xx 000 0 eng d
020 _a3-540-41249-2
040 _cIIA Library
080 _a523.62
_bKAL
100 _aKallenrode, M. B
_924966
245 0 _aSpace physics
_ban introduction to plasmas and particles in the heliosphere and magnetosphere
_cM. B. Kallenrode
250 _a2nd ed.
260 _aBerlin
_bSpringer-Verlag
_c2001
300 _axv, 365p.
490 _aPhysics and astronomy online library
650 _aElectromagnetic fields
_92908
650 _aKinetic theory
_92956
650 _aMagnetohydrodynamics
_91666
650 _aPlasma waves
_94296
650 _aSolar wind
_95747
942 _cBK
999 _c14180
_d14180